000 00270nam a2200109Ia 4500
008 230907s9999||||xx |||||||||||||| ||und||
082 _a658.3
_bHUM
245 0 _aHuman resource management :
260 _aMcGraw-Hill,
_bNew York :
_c2019
300 _a744 p.
942 _cBK
999 _c601418
_d601418